000 00204 a2200097 4500
001 2624
100 _aNkrumach, K.
245 _aThe auto biography
260 _a
_bThomsas nelson
_c
090 _c1921
_d1921
942 _aNUST-CAE
_cM
_c10236
999 _c237697
_d237697